| 000 | 00769nam a22002657a 4500 | ||
|---|---|---|---|
| 003 | OSt | ||
| 005 | 20140310181943.0 | ||
| 008 | 130724t xxu||||| |||| 00| 0 eng d | ||
| 020 | _a0582402808 | ||
| 050 |
_aPR 4172 _b.B869 1993 |
||
| 082 |
_aCLA _bB78w 1993 |
||
| 100 |
_aBronte, Emily _93131 |
||
| 245 |
_aWuthering heights : _bLevel 6 / _cEmily Bronte; retold by John Escott. |
||
| 260 |
_aEngland : _bPearson Education Limited, _c1993. |
||
| 300 |
_a88 p. ; _b20 cm. |
||
| 541 | _j1 | ||
| 562 | _e1 | ||
| 650 |
_aHeathcliff Earnshow _93697 |
||
| 650 |
_aRomance literature _93698 |
||
| 650 |
_aLove story _93699 |
||
| 650 |
_aCatherine Earnshow _93700 |
||
| 650 |
_aEdgar Linton _93701 |
||
| 700 |
_aBronte, Emily _93131 |
||
| 942 |
_2lcc _cBBK _kCLA |
||
| 999 |
_c7718 _d7718 |
||